000 00555nam a22002177a 4500
003 UA-OsUOA
001 36833
007 ta
008 20061106b un ||||| |||| 00| 0 ukr d
090 _a82
_bЛ67
942 _cBK
040 _aUA-OsUOA
_bukr
_cUA-OsUOA
_dUA-OsUOA
245 _aЛітература чехословацьких українців 1945-1967
300 _a156 с.
955 _a1
041 _aukr
080 _a82
260 _c1968
650 7 _a82 Література. Літературознавство
_2UDC
999 _c435359
_d435359